00420nam a2200181Ia 4500008004100000020001800041100001700059245002300076245002000099260001500119260002000134260000900154300001700163300001000180650002300190650001700213700000800230160803s9999 xx 000 0 und d a9780545468374 aRiley, James aHalf upon a time / cby James Riley. aNew York : bScholastic Inc. c2010 a385 pages ;  c20 cm aAdventure stories. aFairy tales. a820